000
00243nam a22000977a 4500
999
_c
521792
_d
521792
082
_a
TNC
100
_a
Ghosh, S.K.
_9
36012
245
_a
Communal Riots In India
_b
Meet The Challenge Unitedly
260
_a
New Delhi
_b
Ashish
_c
1987
300
_a
230p.